Pauline charity; discourses on the thirteenth chaptre of Saint Paul's first epistle to the Corinthians. (Record no. 2098)

000 -LEADER
fixed length control field 00600nam a2200181 a 4500
001 - CONTROL NUMBER
control field :::00019132$&:&@@
003 - CONTROL NUMBER IDENTIFIER
control field OkBaRHE
005 - DATE AND TIME OF LATEST TRANSACTION
control field 20100327145724.0
008 - FIXED-LENGTH DATA ELEMENTS--GENERAL INFORMATION
fixed length control field s1883 j 000 0 eng u
020 ## - INTERNATIONAL STANDARD BOOK NUMBER
International Standard Book Number 0842320857\0842320865 (pbk.)
040 ## - CATALOGING SOURCE
Transcribing agency
100 1# - MAIN ENTRY--PERSONAL NAME
Personal name Cross, Joseph
245 10 - TITLE STATEMENT
Title Pauline charity; discourses on the thirteenth chaptre of Saint Paul's first epistle to the Corinthians.
260 ## - PUBLICATION, DISTRIBUTION, ETC. (IMPRINT)
Place of publication, distribution, etc New York
Name of publisher, distributor, etc Thomas Whittaker
Date of publication, distribution, etc 1883
300 ## - PHYSICAL DESCRIPTION
Extent 285 p.
942 ## - ADDED ENTRY ELEMENTS (KOHA)
Source of classification or shelving scheme
Koha item type Books
Copies
Lost status Full call number Price effective from Permanent Location Not for loan Koha item type Source of classification or shelving scheme Shelving location Collection code Date acquired Barcode Withdrawn status Copy number Damaged status Date last seen
 BS 2675 .C72010-04-14RHEMA Bible Training College Books General StacksReference2010-04-1419132 1 2018-04-03